LEADER 02320nam 2200421 450 001 9910557288803321 005 20230518014236.0 035 $a(CKB)5400000000041152 035 $a(NjHacI)995400000000041152 035 $a(EXLCZ)995400000000041152 100 $a20230518d2020 uy 0 101 0 $aita 135 $aur||||||||||| 181 $ctxt$2rdacontent 182 $cc$2rdamedia 183 $acr$2rdacarrier 200 00$aPer un'altra Firenze $evoci sul futuro del nostro patrimonio /$fa cura di Orazio Lovino, Sara Migaleddu, Giovanni Pescarmona 210 1$aFirenze :$cFirenze University Press,$d[2020] 210 4$d©2020 215 $a1 online resource (133 pages) $cillustrations 225 0 $aDialoghi con la societa? ;$v3 311 $a88-5518-166-1 320 $aIncludes bibliographical references. 330 $aThe Covid-19 pandemic has had unprecedented and dramatic consequences on the cultural activities and the development of tourism in italian cities. In the midst of this scenario, the Department of History, Archeology, Geography, Art, and the Performing Arts (SAGAS) of the University of Florence organized three days of online conferences in which representatives of political and cultural institutions, along with qualified observers, expressed their views on the future of cultural policy after the health crisis. This book is a collection of all those "voices on the future of our heritage" that spoke in this series of videoconferences. This publication aims at ensuring that they can be heard by a wider audience, to start a reflection on the possibility of redesigning Florence's cultural and touristic offerings. To bring about such a change, it is necessary to think within a new framework, one that aims at integrating itineraries capable of embracing the entire city, its histories, and its communities. 517 $aPer un’altra Firenze 517 $aPer un?altra Firenze 606 $aCity planning$zItaly$zFlorence$vCongresses 615 0$aCity planning 676 $a338.4791087 702 $aLovino$b Orazio 702 $aMigaleddu$b Sara 702 $aPescarmona$b Giovanni 801 0$bNjHacI 801 1$bNjHacl 906 $aBOOK 912 $a9910557288803321 996 $aPer un?altra Firenze$92993224 997 $aUNINA